Billboard Global Top 20 - January 17, 2026 - Statistics

General Stats
  • This quiz has been taken 17 times
  • The average score is 13 of 20
Answer Stats
# Artist Song % Correct
11 Lady Gaga, Bruno Mars Die With A Smile
94%
1 Djo End Of Beginning
94%
18 ROSE, Bruno Mars APT.
88%
3 HUNTR/X Golden
88%
5 Alex Warren Ordinary
88%
2 Taylor Swift The Fate Of Ophelia
88%
16 Benson Boone Beautiful Things
75%
14 Zara Larsson Lush Life
75%
15 Billie Eilish Birds Of A Feather
69%
9 The Police Every Breath You Take
69%
19 Teddy Swims Lose Control
69%
10 Taylor Swift Opalite
69%
6 RAYE Where Is My Husband!
69%
8 sombr Back To Friends
63%
20 KATSEYE Gabriela
63%
4 Olivia Dean Man I Need
63%
7 Olivia Dean So Easy (To Fall In Love)
50%
12 Tyla Chanel
38%
17 Shakira Zoo
31%
13 Kenshi Yonezu Iris Out
6%
No matching quizzes found
Score Distribution
Percent of People with Each Score
Percentile by Number Answered
Your Score History
You have not taken this quiz